| 000 | 01189nam a2200301Ia 4500 | ||
|---|---|---|---|
| 001 | ebr10279019 | ||
| 003 | CaPaEBR | ||
| 006 | m u | ||
| 007 | cr cn||||||||| | ||
| 008 | 980120s1998 nyu sb 001 0 eng d | ||
| 010 | _z 98011138 | ||
| 020 | _z0195111087 | ||
| 020 | _z9780195111088 | ||
| 040 |
_aCaPaEBR _cCaPaEBR |
||
| 035 | _a(OCoLC)252563329 | ||
| 050 | 1 | 4 |
_aJF1525.D4 _bB365 1998eb |
| 100 | 1 |
_aBaron, Jonathan, _d1944- |
|
| 245 | 1 | 0 |
_aJudgment misguided _h[electronic resource] : _bintuition and error in public decision making / _cJonathan Baron. |
| 260 |
_aNew York : _bOxford University Press, _c1998. |
||
| 300 | _aix, 225 p. | ||
| 504 | _aIncludes bibliographical references (p. 211-221) and index. | ||
| 533 |
_aElectronic reproduction. _bPalo Alto, Calif. : _cebrary, _d2009. _nAvailable via World Wide Web. _nAccess may be limited to ebrary affiliated libraries. |
||
| 650 | 0 |
_aPublic administration _xDecision making. |
|
| 650 | 0 | _aPolicy sciences. | |
| 655 | 7 |
_aElectronic books. _2local |
|
| 710 | 2 | _aebrary, Inc. | |
| 856 | 4 | 0 |
_uhttp://site.ebrary.com/lib/rucke/Doc?id=10279019 _zAn electronic book accessible through the World Wide Web; click to view |
| 999 |
_c3742 _d3742 |
||